000
00239nam a2200109Ia 4500
005
20251222154432.0
008
251222s9999||||xx |||||||||||||| ||spa||
082
_a
848.75/S79/Ej.2
100
_a
Stendhal
245
0
_a
Relatos
942
_c
LIB
999
_c
36447
_d
36447